00749nam a22001577a 4500003000200000005001700002008004100019040002000060100005200080245024700132260006300379300000900442942000800451999001700459952011500476020160609172155.0130812t xxu||||| |||| 00| 0 eng d aBUACbFrcBEPAC aAHOUANGBENON, Houéfa Mardyle Fresnelle926063 aPotentialités des jardins botaniques villageois dans la conservation des plantes utilisées en médecine traditionnelle vétérinaire dans les communes de Pehunco et Sinendé au Nord du BénincAHOUANGBENON, Houéfa Mardyle Fresnelle aAbomey-CalavibEcole Polytechnique d’Abomey-Calavic2007 a57p. cTHE c52336d52336 00104070aBEPACbBEPACd2013-08-12eEPACl0o27.APE/AHOpM19313EPACr2013-08-12 00:00:00t1w2013-08-12yTHE